000 00658nam a2200229 i 4500
001 C2-0099168
003 PPAK
005 20180727094618.0
008 970525s1986 nyua|||| ||||| | eng d
040 _aPPAK
_beng
_cPPAK
_erda
082 0 4 _a746.9220922
_223
090 0 0 _a746.9220922
_bWDE
_dR
245 0 0 _aW, the designing life
264 1 _aNew York :
_bClarkson N. Potter Publishers ,
_c1986
300 _a222 pages :
_billustrations ;
_c28 cm
336 _2rdacontent
_atext
337 _2rdamedia
_aunmediated
338 _2rdacarrier
_avolume
650 1 0 _aFashion designers - Biography.
700 1 _aPerschetz, Lois,
_eeditor
942 _ddc
_cB
999 _c22003
_d22003